Liste des Pokémon de type Dragon - Statistiques

Statistiques générales
  • Ce quiz a été pris 4 296 fois
    526 depuis la dernière actualisation
  • Le résultat moyen est 57 sur 78
Statistiques - réponses
Pokémon % Correct
Draco
99%
Dracolosse / Méga-Dracolosse
99%
Minidraco
98%
Drattak / Méga-Drattak
92%
Rayquaza / Méga-Rayquaza
92%
Draby
90%
Reshiram
89%
Zekrom
89%
Dialga
87%
Griknot
87%
Palkia
87%
Carchacrok / Méga-Carchacrok / Méga-Carchacrok Z
86%
Carmache
86%
Solochi
86%
Tranchodon
86%
Coupenotte
85%
Giratina
85%
Kyurem
85%
Trioxhydre
85%
Diamat
84%
Altaria / Méga-Altaria
82%
Drackhaus
82%
Incisache
82%
Drakkarmin
80%
Libégon
79%
Draïeul / Méga-Draïeul
78%
Ékaïser
78%
Méga-Dracaufeu X
78%
Mucuscule
78%
Hyporoi
77%
Zygarde / Méga-Zygarde
77%
Bébécaille
76%
Arceus (Dragon)
75%
Colimucus / Colimucus de Hisui
75%
Écaïd
75%
Latias / Méga-Latias
75%
Latios / Méga-Latios
75%
Muplodocus / Muplodocus de Hisui
75%
Lanssorien
74%
Fantyrm
73%
Vibraninf
73%
Bruyverne
72%
Koraidon
72%
Miraidon
71%
Sonistrelle
71%
Boumata
70%
Dispareptil
70%
Glaivodo / Méga-Glaivodo
70%
Pomdrapi
70%
Dratatin
69%
Duralugon
69%
Silvallié (Type : Dragon)
68%
Verpom
67%
Éthernatos
66%
Ptyranidur
66%
Rexillius
66%
Frigodo
65%
Kravarech / Méga-Kravarech
65%
Pondralugon
65%
Pomdorochi
64%
Méga-Jungko
63%
Méga-Pharamp
63%
Pomdramour
63%
Engloutyran
62%
Cryodo
61%
Hydragon
60%
Regidrago
59%
Ultra-Necrozma
59%
Mandrillon
58%
Motorizard
57%
Rugit-Lune
57%
Galvagon
55%
Feu-Perçant
54%
Nigirigon / Méga-Nigirigon
54%
Ire-Foudre
53%
Noadkoko d'Alola
53%
Serpente-Eau
53%
Méga-Aligatueur
39%
Aucun quiz correspondant
Distribution des résultats
% des personnes avec chaque résultat
Percentile par nombre de réponses
Votre historique - résultats
Vous n’avez pas pris ce quiz depuis la dernière actualisation